| 000 | 00366nam a22001457a 4500 | ||
|---|---|---|---|
| 020 | _a0-240-51051-8 | ||
| 082 | _a070.19 TYR'W | ||
| 100 |
_aTYRRELL, ROBERT _975973 |
||
| 245 | _aTHE WORK OF THE TELEVISION JOURNALIST | ||
| 250 | _a2ND | ||
| 260 |
_aLONDON _bFOCAL PRESS _c1981 |
||
| 300 | _a180P | ||
| 650 |
_aTELEVISION BROADCASTING OF NEWS _931305 |
||
| 942 | _cBK | ||
| 999 |
_c581377 _d581377 |
||